Mort subite Les enfants des années 70 - Statistiques

Statistiques générales
  • Ce quiz a été pris 62 fois
  • Le résultat moyen est 6 sur 40
Answers on the Grid
Answers color-coded by a green-red scale on the quiz's grid according to % correct below.
Dany Brillant
Zara Phillips
Jay-Z
Olivier Sitruk
Faustine Bollaert
Carla Bruni
Cécile Bois
Thiago Silva
Florian Philippot
Letizia Ortiz
Matthieu Chedid
Katarina Witt
Cécile Cassel
Mazarine Pingeot
Harry de Sussex
Thierry Omeyer
Patricia Kaas
Marie Gillain
Brian O'Driscoll
Macaulay Culkin
Édouard Philippe
Arnaud Ducret
Laurent Mariotte
Damien Thévenot
Shakira
Boris Becker
Medi Sadoun
Lang Lang
Grégory Fitoussi
Indila
Marie Drucker
Laurent Delahousse
Tony Estanguet
Will Smith
Cameron Diaz
Frédérick Bousquet
Matt Damon
Enrique Iglesias
Samuel Le Bihan
Sarah Lelouch
Christophe Willem
Gil Alma
Tom Ellis
Jude Law
Julia Roberts
Dimitri Yachvili
Leonardo DiCaprio
Edward Snowden
Stéphane Plaza
Virginie Efira
Emmanuelle Gaume
Philippe Bas
Ribéry
Philippe Etchebest
Laurent Wauquiez
Kim Kardashian
Bérénice Bejo
Astrid Veillon
Mónica Cruz
Denis Brogniart
Paris Hilton
Jean-Philippe Janssens
Anne Roumanoff
Eunice Barber
Jérôme Anthony
Faudel
Marilou Berry
Psy
Armelle
Eva Longoria
Nolwenn Leroy
Sophie Marceau
Surya Bonaly
Gilles Simon
Casper Van Dien
Kamel Ouali
Claire Barsacq
Léa Salamé
Norbert Tarayre
Amélie Nothomb
 
Statistiques - réponses
Réponse % Correct
1974 Leonardo DiCaprio
57%
1970 Édouard Philippe
43%
1979 Faustine Bollaert
43%
1977 Shakira
43%
1978 Tony Estanguet
43%
1972 Cameron Diaz
29%
1975 Enrique Iglesias
29%
1979 Léa Salamé
29%
1974 Marie Drucker
29%
1970 Matt Damon
29%
1976 Thierry Omeyer
29%
1978 Arnaud Ducret
14%
1971 Cécile Bois
14%
1972 Damien Thévenot
14%
1975 Eva Longoria
14%
1972 Jude Law
14%
1972 Letizia Ortiz
14%
1975 Marie Gillain
14%
1971 Matthieu Chedid
14%
1974 Mazarine Pingeot
14%
1973 Medi Sadoun
14%
1977 Mónica Cruz
14%
1977 Virginie Efira
14%
1971 Astrid Veillon
0%
1976 Bérénice Bejo
0%
1979 Brian O'Driscoll
0%
1974 Eunice Barber
0%
1978 Faudel
0%
1979 Gil Alma
0%
1976 Grégory Fitoussi
0%
1973 Jean-Philippe Janssens
0%
1971 Kamel Ouali
0%
1975 Laurent Wauquiez
0%
1970 Olivier Sitruk
0%
1973 Philippe Bas
0%
1977 Psy
0%
1976 Sarah Lelouch
0%
1970 Stéphane Plaza
0%
1973 Surya Bonaly
0%
1978 Tom Ellis
0%
Aucun quiz correspondant
Distribution des résultats
% des personnes avec chaque résultat
Percentile par nombre de réponses
Votre historique - résultats
Vous n’avez pas pris ce quiz